000 00605nam a22002297a 4500
001 86447
003 UA-OsUOA
005 20211109222921.0
007 ta
008 20120903b un ||||| |||| 00| 0 ukr d
040 _aUA-OsUOA
_brus
_cUA-OsUOA
_dUA-OsUOA
041 _arus
080 _a94(47+57)
090 _a94(47+57)
_bВ43
100 _aВикентьев А. И.
245 _aОчерк развития народного хозяйства СССР
260 _aМ.
_bПолитиздат
_c1959
300 _a242 с.
650 7 _a94 Історія
_2UDC
942 _cBK
_2udc
955 _a5
999 _c373064
_d373064